| 000 | 00634nam a2200181Ia 4500 | ||
|---|---|---|---|
| 008 | 100920s9999 xx 000 0 und d | ||
| 082 |
_b42435 _a410 थ 80 |
||
| 100 | _aटेकाडे मुकुंद. | ||
| 245 | _aपु.लं.चा नाट्यप्रवास. | ||
| 260 |
_bमनोरंजन प्रकाशन ,मुंबई 7. _c1980 |
||
| 300 |
_a96 _bसाधी |
||
| 365 | _b10 | ||
| 520 | _aभाषा. | ||
| 630 | _aपु.लं.चा नाट्यप्रवास. | ||
| 650 | _aभाषा. | ||
| 730 | _aपु.लं.चा नाट्यप्रवास. | ||
| 942 | _cBOOK | ||
| 999 |
_c692645 _d692642 |
||